Gruppi di Otto #1 - Statistics

Statistiche generali
  • Questo quiz è stato fatto 6.083 volte
  • Il punteggio medio è 45 su 72
Statistiche sulle risposte
Group Risposta % Corretto
Pianeti Giove
98%
Pianeti Marte
98%
Pianeti Terra
98%
Pianeti Saturno
97%
Pianeti Venere
95%
Pianeti Mercurio
94%
Specie di Orsi Orso {Polare}
93%
Provincie del Piemonte Torino
93%
Specie di Orsi Orso {Bruno (Grizzly)}
92%
Nazioni tra gli USA e la Colombia Messico
91%
Pianeti Nettuno
90%
Vincitori della coppa del mondo FIFA Italia
89%
Cibi nella tipica Colazione Inglese Uova
89%
Vincitori della coppa del mondo FIFA Brasile
88%
Pianeti Urano
88%
Vincitori della coppa del mondo FIFA Francia
87%
Vincitori della coppa del mondo FIFA Germania
86%
Vincitori della coppa del mondo FIFA Argentina
85%
Vincitori della coppa del mondo FIFA Spagna
84%
Nazioni tra gli USA e la Colombia Nicaragua
82%
Nazioni che iniziano per "N" Nicaragua
82%
Cibi nella tipica Colazione Inglese Pancetta
81%
Nazioni tra gli USA e la Colombia Panama
80%
Nazioni che confinano con la Turchia Grecia
75%
Provincie del Piemonte Alessandria
74%
Nazioni che iniziano per "N" Norvegia
73%
Nazioni che iniziano per "N" Niger
72%
Vincitori della coppa del mondo FIFA Inghilterra
70%
Nazioni che iniziano per "N" Nepal
70%
Nazioni che iniziano per "N" Nigeria
70%
Nazioni che confinano con la Turchia Georgia
69%
Nazioni tra gli USA e la Colombia Honduras
69%
Nazioni che iniziano per "N" Namibia
69%
Nazioni tra gli USA e la Colombia Costa Rica
68%
Nazioni tra gli USA e la Colombia Guatemala
68%
Provincie del Piemonte Asti
67%
Provincie del Piemonte Cuneo
67%
Nazioni tra gli USA e la Colombia El Salvador
67%
Nazioni che confinano con la Turchia Iran
67%
Nazioni che confinano con la Turchia Iraq
67%
Nazioni che confinano con la Turchia Armenia
66%
Nazioni che confinano con la Turchia Siria
66%
Vincitori della coppa del mondo FIFA Uruguay
64%
Provincie del Piemonte Novara
62%
Nazioni tra gli USA e la Colombia Belize
60%
Provincie del Piemonte Biella
59%
Provincie del Piemonte Vercelli
58%
Nazioni che iniziano per "N" Nuova Zelanda
56%
Nazioni che confinano con la Turchia Bulgaria
55%
Cibi nella tipica Colazione Inglese Pane tostato
55%
Stati USA che toccano i Grandi Laghi Michigan
53%
Nazioni che iniziano per "N" Nauru
50%
Provincie del Piemonte Verbano Cusio Ossola
49%
Cibi nella tipica Colazione Inglese Fagioli stufati
43%
Stati USA che toccano i Grandi Laghi Ohio
43%
Stati USA che toccano i Grandi Laghi New York
42%
Specie di Orsi {Panda} Gigante
41%
Stati USA che toccano i Grandi Laghi Illinois
39%
Stati USA che toccano i Grandi Laghi Minnesota
38%
Cibi nella tipica Colazione Inglese Salsiccia
37%
Nazioni che confinano con la Turchia Azerbaigian
36%
Stati USA che toccano i Grandi Laghi Indiana
31%
Stati USA che toccano i Grandi Laghi Wisconsin
29%
Stati USA che toccano i Grandi Laghi Pennsylvania
26%
Specie di Orsi Orso dagli {Occhiali}
23%
Cibi nella tipica Colazione Inglese Pomodori fritti
23%
Cibi nella tipica Colazione Inglese Funghi fritti
14%
Cibi nella tipica Colazione Ingleset Salame nero scozzese
12%
Specie di Orsi Orso {Nero} {Asiatico}
10%
Specie di Orsi Orso {Nero} {Americano}
8%
Specie di Orsi Orso {Malese}
7%
Specie di Orsi Orso {Labiato}
6%
Nessun quiz corrispondente trovato
Distribuzione punteggi
Percentuale di utenti per punteggio
Percentile per numero di risposta
I tuoi punteggi nel tempo
Non hai fatto questo quiz